La simulación didáctica del funcionamiento de un computador.
Uloženo v:
| Hlavní autor: | |
|---|---|
| Médium: | Kniha |
| Vydáno: |
San José, Costa Rica
1988
|
| Témata: | |
| Tagy: |
Přidat tag
Žádné tagy, Buďte první, kdo vytvoří štítek k tomuto záznamu!
|
MARC
| LEADER | 00000nam a2200000Ia 4500 | ||
|---|---|---|---|
| 003 | 004711 | ||
| 005 | 20221231144341.0 | ||
| 008 | 140114s1988 cr a m 000 ||s d | ||
| 040 | |c cru CEDI | ||
| 090 | |a TFG 2170 | ||
| 100 | |a Moya Rojas, German |9 13433 | ||
| 245 | |a La simulación didáctica del funcionamiento de un computador. | ||
| 260 | |c 1988 |a San José, Costa Rica | ||
| 300 | |a vii, 54 hojas : ilustraciones ; 27 cm | ||
| 500 | |a Proyecto de graduación (bachillerato en ingeniería eléctrica)--Universidad de Costa Rica. Facultad de Ingenieria. Escuela de Ingeniería Eléctrica | ||
| 650 | |x SIMULACION POR COMPUTADORA - ESTUDIO Y ENSEÑANZA |x COMPUTADORAS - ESTUDIO Y ENSEÑANZA |x HYPERCARD (ARCHIVO PARA COMPUTADORA) |9 13434 | ||
| 942 | |c TFG | ||
| 999 | |c 20559 |d 20559 | ||
